Catálogo
 En Linea

Horas grises : (Registro nro. 17635)

Detalles MARC
000 -CABECERA
campo de control de longitud fija 00550nam a2200181ua 4500
001 - NÚMERO DE CONTROL
campo de control 000018114
005 - FECHA Y HORA DE LA ÚLTIMA TRANSACCIÓN
campo de control 20200929165348.0
008 - DATOS DE LONGITUD FIJA--INFORMACIÓN GENERAL
campo de control de longitud fija 830721s1973 ag 000 p spa
040 ## - FUENTE DE LA CATALOGACIÓN
Centro catalogador/agencia de origen DO-SdBNP
Lengua de catalogación spa
Centro/agencia transcriptor DLC
Centro/agencia modificador BNPHU
082 ## - NÚMERO DE LA CLASIFICACIÓN DECIMAL DEWEY
Número de clasificación A861.42
Número de documento/Ítem B977h
100 1# - ENTRADA PRINCIPAL--NOMBRE DE PERSONA
Nombre de persona Busciolano Lazo, Geraldo,
Fechas asociadas al nombre 1904-
9 (RLIN) 39257
245 10 - MENCIÓN DE TÍTULO
Título Horas grises :
Resto del título poemas /.
260 ## - PUBLICACIÓN, DISTRIBUCIÓN, ETC.
Lugar de publicación, distribución, etc. Cordoba, (Argentina) :
Nombre del editor, distribuidor, etc. Editorial TA.P.AS,
Fecha de publicación, distribución, etc. 1973.
300 ## - DESCRIPCIÓN FÍSICA
Extensión 55 p. ;
Dimensiones 22 cm.
650 #4 - PUNTO DE ACCESO ADICIONAL DE MATERIA--TÉRMINO DE MATERIA
Término de materia o nombre geográfico como elemento de entrada Poesía argentina
9 (RLIN) 3859
650 #4 - PUNTO DE ACCESO ADICIONAL DE MATERIA--TÉRMINO DE MATERIA
Término de materia o nombre geográfico como elemento de entrada Literatura argentina
9 (RLIN) 3860
910 ## - DATOS DE OPCIÓN DEL USUARIO (OCLC)
Datos de opción del usuario Catalogación derivada
Existencias
Estado de retiro Estado de pérdida Restricciones de uso No para préstamo Código de colección Localización permanente Ubicación/localización actual Ubicación en estantería Fecha de adquisición Número de inventario Total de préstamos Signatura topográfica completa Código de barras Fecha visto por última vez Precio válido a partir de Tipo de ítem Koha Número de copia
      Excluido de préstamo Monografías: Libros y Folletos General General En catalogación 15.04.2010 LF1   A861.42 B977h 18114-10 25.06.2020 25.06.2020 No se presta  
      Excluido de préstamo Monografías: Libros y Folletos General General En catalogación 16.04.2010 LF1   A861.42 B977h 18114-20 25.06.2020 25.06.2020 No se presta e.2

Con tecnología Koha